000 01429nam a2200301 4500
003 EG-GICUC
005 20260407234259.0
008 260328b1986 ua|||||f |||| 00| 0 ara d
040 _a EG-GICUC
_bara
_c EG-GICUC
_d EG-GICUC
_erda
082 0 4 _221
_a343.423
092 0 4 _221
099 _aLaw1 10 343.423 م ع . ج 1986
100 0 _aمعوض عبدالتواب
245 1 0 _aجرائم التلوث من الناحيتين القانونية والفنية /
_cمعوض عبدالتواب، مصطفى معوض عبدالتواب.
264 _aالإسكندرية:
_bمنشأة المعارف;
_c1986.
300 _a471 صفحة
_c24 سم
336 _2rda content
_atext
337 _2rda media
_aComputer
338 _2rda carrier
_aOnline Resource
500 _aيشتمل على شرح لكافة قوانين التلوث وحماية البيئة - تلوث المياه - والبحار - تلوث الهواء - تلوث التربة - التلوث الذري مابيان المعايير الفنمية ووسائل الكشف عنه وأسباب امتناع المسئولية
650 1 4 _aالتشريعات المتعلقة بالبيئة
_2qrmak
650 1 4 _aتلوث البيئة
651 1 _2qrmak
700 _aمصطفى معوض عبدالتواب
_eمؤلف مشارك.
856 4 0 _uhttps://fll.law.cu.edu.eg/fulltext/bks/B10-06590.pdf
905 _a17
_eYara
942 _2ddc
_n0
_cBK
_e21
999 _c67092
_d67092